|
|
|
|
| LEADER |
00000cam a22000004a 4500 |
| 001 |
musev2_80362 |
| 003 |
MdBmJHUP |
| 005 |
20230905052250.0 |
| 006 |
m o d |
| 007 |
cr||||||||nn|n |
| 008 |
080506s2007 enk o 00 0 eng d |
| 020 |
|
|
|a 9781847423030
|
| 020 |
|
|
|z 9781847420558
|
| 035 |
|
|
|a (OCoLC)646802516
|
| 040 |
|
|
|a MdBmJHUP
|c MdBmJHUP
|
| 100 |
1 |
|
|a Punch, Maurice.
|
| 245 |
1 |
0 |
|a Zero tolerance policing /
|c Maurice Punch.
|
| 264 |
|
1 |
|a Bristol, UK :
|b Policy Press,
|c 2007.
|
| 264 |
|
3 |
|a Baltimore, Md. :
|b Project MUSE,
|c 2021
|
| 264 |
|
4 |
|c ©2007.
|
| 300 |
|
|
|a 1 online resource (64 pages).
|
| 336 |
|
|
|a text
|b txt
|2 rdacontent
|
| 337 |
|
|
|a computer
|b c
|2 rdamedia
|
| 338 |
|
|
|a online resource
|b cr
|2 rdacarrier
|
| 490 |
0 |
|
|a Researching criminal justice series
|
| 505 |
0 |
|
|a Zero tolerance policing; Contents; Preface; Acknowledgements; Notes on the author; Summary; 1. Introduction; 2. The New York 'miracle'; 3. Zero tolerance policing: UK and the Netherlands; 4. Conclusion; References; Appendix: The Dutch police.
|
| 520 |
|
|
|a This book examines the key issues of what policing is about and who defines it by exploring the notion of zero tolerance and its application in different settings.
|
| 588 |
|
|
|a Description based on print version record.
|
| 650 |
|
7 |
|a Polizei
|2 gnd
|
| 650 |
|
7 |
|a Kriminalpolitik
|2 gnd
|
| 650 |
|
7 |
|a Sicherheit und Ordnung
|2 gnd
|
| 650 |
|
7 |
|a Prävention
|2 gnd
|
| 650 |
|
7 |
|a Kriminalität
|2 gnd
|
| 650 |
|
7 |
|a Police.
|2 fast
|0 (OCoLC)fst01068398
|
| 650 |
|
7 |
|a Law enforcement.
|2 fast
|0 (OCoLC)fst00993931
|
| 650 |
|
7 |
|a Crime prevention.
|2 fast
|0 (OCoLC)fst00883055
|
| 650 |
|
7 |
|a SOCIAL SCIENCE
|x Criminology.
|2 bisacsh
|
| 650 |
|
7 |
|a POLITICAL SCIENCE
|x Political Freedom & Security
|x Law Enforcement.
|2 bisacsh
|
| 650 |
|
0 |
|a Crime prevention
|z England.
|
| 650 |
|
0 |
|a Crime prevention
|z New York (State)
|z New York.
|
| 650 |
|
0 |
|a Police
|z England.
|
| 650 |
|
0 |
|a Police
|z New York (State)
|z New York.
|
| 650 |
|
0 |
|a Law enforcement
|z England.
|
| 650 |
|
0 |
|a Law enforcement
|z New York (State)
|z New York.
|
| 651 |
|
7 |
|a New York (State)
|z New York.
|2 fast
|0 (OCoLC)fst01204333
|
| 651 |
|
7 |
|a England.
|2 fast
|0 (OCoLC)fst01219920
|
| 655 |
|
7 |
|a Electronic books.
|2 local
|
| 710 |
2 |
|
|a Project Muse.
|e distributor
|
| 830 |
|
0 |
|a Book collections on Project MUSE.
|
| 856 |
4 |
0 |
|z Texto completo
|u https://projectmuse.uam.elogim.com/book/80362/
|
| 945 |
|
|
|a Project MUSE - Custom Collection
|